000 00925nam a2200241 a 4500
001 54150
003 BD-RjUL
005 20211209080059.0
008 161102s1996 ii ||||| |||| 00| 0 ben d
020 _c: IRs 100.00
035 _a(BD-RjUL)54272
040 _aBD-RjUL
_bben
_cBD-RjUL
041 _aben
082 _223
_a891.44109
_bCHA 1996
100 _aচক্রবর্তী, সুমিতা
_9118744
245 1 0 _aআধুনিক কবিতার চালচিত্র /
_cসুমিতা চক্রবর্তী
250 _a১ম সং.
260 _aকলিকাতা :
_bসাহিত্যলোক,
_c১৯৯৬
300 _a[১২], ৩২৫ পৃ. ;
_c২১ সেমি.
650 _aবাংলা কবিতা
_xইতিহাস ও সমালোচনা
_9161656
650 _aBengali Poetry
_xHistory & Criticism
_9121573
942 _2ddc
_cBK
999 _c54150
_d54150